000 00300nam a22001337a 4500
020 _a9813045078
082 _a664
_bJAY/MO
100 _aJay,James.M
_9429
245 _aModern Food Microbiology
250 _a6
260 _aSingapore
_bAPAC Publishers services
_c2000
300 _a679
942 _cREF
999 _c14312
_d14312